000 01360nam a22002417a 4500
003 OSt
005 20201105101440.0
008 201105b ||||| |||| 00| 0 eng d
020 _a978193629163-2
040 _aDO-SdBNP
_bspa
_cBNPHU
100 1 _aSoto, Clyde
_977154
245 1 0 _aLa migración femenina paraguaya en las cadenas globales de cuidados en Argentina :
_btransferencias de cuidados y desigualdades de género /
_cClyde Soto, Myrian González, Patricio Dobrée.
260 _aSanto Domingo
_bONU Mujeres,
_c2012.
300 _a268 p. :
_bil., gráfcs. ;
_c21 cm.
500 _aIncluye referencias bibliográficas y notas al pie de las páginas.
504 _aBibliografía : p. 259-264
505 0 _aPrólogo --
_tIntroducción --
_tAproximaciones conceptuales al tema --
_tMetodología --
_tLa organización social y el derecho a los ciudadanos en Paraguay --
_tCoyuntura, debates y actores centrales --
_tLas mujeres paraguayas en las cadenas globales de cuidados --
_tConclusiones --
_tAcciones para un diálogo político --
_tBibliografía --
_tAnexo: Cuadro sobre el cuidado y su redistribución entre mujeres y hombre en los Planes de Igualdad de Oportunidades del Paraguay --
590 _aInventariado, 2020 /LP
700 1 _aGonzález, Myrian
_977155
700 1 _aDobrée, Patricio
_977156
942 _2ddc
_cLBS1
956 _aLOPEREZ
999 _c49076
_d49076